[Event "HUN-chT2 Toth 0304"]
[Site "Hungary"]
[Date "2004.04.18"]
[Round "11"]
[White "Labancz, Balazs"]
[Black "Farkas, Lorinc"]
[Result "0-1"]
[WhiteElo "2010"]
[BlackElo "2055"]
[PlyCount "65"]
[EventDate "2003.09.28"]
[EventType "team-tourn"]
[EventRounds "11"]
[EventCountry "HUN"]
[SourceTitle "EXT 2009"]
[Source "ChessBase"]
[SourceDate "2008.11.26"]
[SourceVersion "1"]
[SourceVersionDate "2008.11.26"]
[SourceQuality "1"]
[WhiteTeam "Szarvas"]
[BlackTeam "Battonya"]
[WhiteTeamCountry "HUN"]
[BlackTeamCountry "HUN"]

1. e4 d6 2. d4 g6 3. Nf3 Bg7 4. c3 Nd7 5. Be3 e5 6. dxe5 dxe5 7. Bc4 Ngf6 8. Nbd2 0-0 9. h3 Qe7 10. b4 c6 11. 0-0 b5 12. Be2 a6 13. a4 Bb7 14. axb5 cxb5 15. Qb1 Rfc8 16. Rc1 Bf8 17. Bd3 Nh5 18. Nb3 Nf4 19. Na5 Nxd3 20. Qxd3 Bc6 21. Nxc6 Rxc6 22. Ra3 Rac8 23. Rca1 Rd6 24. Qe2 Rcc6 25. Ne1 Qe6 26. Nd3 Qc4 27. Nc1 Qxe4 28. Qa2 h5 29. Qb2 Qc4 30. Ne2 f5 31. Qa2 Qxa2 32. R1xa2 f4 33. Bc5 0-1

[Event "HUN-chT2 Toth 0304"]
[Site "Hungary"]
[Date "2004.02.08"]
[Round "7"]
[White "Berenyi, Tamas"]
[Black "Labancz, Balazs"]
[Result "1-0"]
[WhiteElo "2144"]
[BlackElo "2010"]
[PlyCount "59"]
[EventDate "2003.09.28"]
[EventType "team-tourn"]
[EventRounds "11"]
[EventCountry "HUN"]
[SourceTitle "EXT 2009"]
[Source "ChessBase"]
[SourceDate "2008.11.26"]
[SourceVersion "1"]
[SourceVersionDate "2008.11.26"]
[SourceQuality "1"]
[WhiteTeam "Mako II"]
[BlackTeam "Szarvas"]
[WhiteTeamCountry "HUN"]
[BlackTeamCountry "HUN"]

1. e4 e6 2. d4 d5 3. Nd2 Nf6 4. e5 Nfd7 5. Bd3 c5 6. c3 Nc6 7. Ne2 cxd4 8. cxd4 Qb6 9. Nf3 Be7 10. 0-0 0-0 11. Bb1 Qc7 12. Qd3 g6 13. Ng5 Bxg5 14. Bxg5 f5 15. h4 Rf7 16. Bh6 Nf8 17. Qd2 Bd7 18. Rc1 Qb6 19. a4 a5 20. Ra3 Qb4 21. Rcc3 Rb8 22. h5 Qb6 23. Rg3 Ne7 24. Nf4 Be8 25. hxg6 hxg6 26. Bxf8 Rxf8 27. Nh5 f4 28. Nxf4 Qb4 29. Qxb4 axb4 30. Raf3 1-0

[Event "HUN-chT2 Toth 0203"]
[Site "Hungary"]
[Date "2003.04.13"]
[Round "11"]
[White "Chereches, Marius"]
[Black "Labancz, Balazs"]
[Result "1-0"]
[WhiteElo "2300"]
[BlackElo "2024"]
[PlyCount "51"]
[EventDate "2002.09.22"]
[EventType "team-tourn"]
[EventRounds "11"]
[EventCountry "HUN"]
[SourceTitle "EXT 2009"]
[Source "ChessBase"]
[SourceDate "2008.11.26"]
[SourceVersion "1"]
[SourceVersionDate "2008.11.26"]
[SourceQuality "1"]

1. e4 e6 2. d4 d5 3. Nc3 Nf6 4. Bg5 Be7 5. e5 Nfd7 6. Bxe7 Qxe7 7. f4 a6 8. Nf3 c5 9. dxc5 Qxc5 10. Qd2 Nc6 11. 0-0-0 b5 12. Nd4 Bb7 13. Ne4 Qb6 14. Nd6+ Ke7 15. N4f5+ Kf8 16. Be2 Ne7 17. Nxe7 Kxe7 18. f5 h6 19. Qb4 Qc5 20. Qh4+ f6 21. Nxb7 Qe3+ 22. Rd2 Nxe5 23. Qb4+ Kd7 24. Nc5+ Kc6 25. Nxe6 Rac8 26. Qd4 1-0

[Event "HUN-chT2 Toth 0203"]
[Site "Hungary"]
[Date "2003.02.16"]
[Round "7"]
[White "Karsai, Istvan"]
[Black "Labancz, Balazs"]
[Result "1-0"]
[WhiteElo "2154"]
[BlackElo "2024"]
[PlyCount "29"]
[EventDate "2002.09.22"]
[EventType "team-tourn"]
[EventRounds "11"]
[EventCountry "HUN"]
[SourceTitle "EXT 2009"]
[Source "ChessBase"]
[SourceDate "2008.11.26"]
[SourceVersion "1"]
[SourceVersionDate "2008.11.26"]
[SourceQuality "1"]

1. e4 e6 2. d4 d5 3. Nc3 Nf6 4. Bg5 Be7 5. e5 Nfd7 6. h4 Bxg5 7. hxg5 Qxg5 8. Nh3 Qe7 9. Qd2 a6 10. 0-0-0 c5 11. dxc5 Nxc5 12. Nf4 0-0 13. Nh5 Nc6 14. Nf6+ gxf6 15. Qh6 1-0